000 00964nam a22003257a 4500
003 CHAP
005 20220329135301.0
008 971013s1978 r 00010 d
010 _a33766
011 _a34738
035 _a38854
040 _cCHAP
082 _a547
_bM4Y
100 0 0 _aMeislich, Herbert.
_974222
245 _aTeoría y problemas de químicas orgánica
260 _aMéxico, D.F. :
_bMcGraw-Hill,
_c1978
300 _a472 p
490 _aSerie Schaum
590 _aBATCH-UPD
_b10
_c20130110
_lUCH01
_h2052
590 _aBATCH-UPD
_b10
_c20130410
_lUCH01
_h1406
590 _aBATCH-UPD
_b10
_c20130914
_lUCH01
_h1837
590 _aCONVERSION
_b10
_c20130109
_lUCH01
_h1319
650 1 4 _aQuímica orgánica.
_993598
700 0 _aNechamkin, Howard.
_980673
700 0 _aSharefkin, Jacobo.
_9105498
830 0 _aSerie Schaum
_9105030
901 _aBK
942 _cLIBRO
949 _a547 M4Y
_bBC
_cLIBRO
_d33724000920302
_eLIBRO
_h72959
_i38854
_si
999 _c33766
_d33766